| 000 | 00773nam a2200253 i 4500 | ||
|---|---|---|---|
| 001 | 95038 | ||
| 003 | ES-MaACL | ||
| 005 | 20240229063316.0 | ||
| 007 | t| | ||
| 008 | 050520s1968 sp ||||1| spa d | ||
| 017 | _aB 16163-1968 | ||
| 080 | _a791.862 | ||
| 100 | 0 |
_aLuján, Néstor, _d1922-1995 _974707 |
|
| 245 | 1 | 0 |
_aTauromaquia / _ctexto de Néstor Luján ; fotos de F. Catalá Roca. |
| 250 | _a2ª ed. | ||
| 260 |
_aBarcelona : _bNauta, _c1968. |
||
| 300 |
_a138 p., 22 p. con 2 lám., 3 h. ; _c31 cm. |
||
| 546 | _aTexto en español, inglés y francés. | ||
| 650 | 0 | 4 |
_aTauromaquia. _917288 |
| 700 | 1 |
_aCatalà-Roca, Francesc. _937014 |
|
| 852 |
_aES-MaACL _jC-56924 _bR.67824 |
||
| 999 |
_c95038 _d95038 |
||